000 01237nam a2200385 c 4500
001 20823
003 ES-MaCES
005 20150929131758.0
008 080123s2007 sp bd t o000 | spa d
017 _aM 38401-2007
_bDL
020 _a9788474764338
024 7 _a004-07-015-0
_2nipo
035 _aCES20080000527m
040 _aES-MaCES
_bspa
_cES-MaCES
100 1 _aAyuso Sánchez, Luis
_96790
245 1 4 _aLas asociaciones familiares en España
_cLuis Ayuso Sánchez
250 _a1ª ed
260 _aMadrid
_bCentro de Investigaciones Sociológicas
_c2007
300 _aXXIII, 341 p.
_c21 cm
490 1 _aMonografías
_v242
504 _aBibliografía: p. 323-341
541 _cGratuito
650 4 _afamilia
_927318
650 4 _amovimiento social
_927313
650 4 _ainstitución social
_929461
650 4 _aparticipación social
_927284
650 4 _aEspaña
_926964
653 1 0 _aAsuntos Sociales
650 4 _927308
_aasociación
710 2 _aCentro de Investigaciones Sociológicas (Madrid)
_eed.
_91893
830 0 _aMonografías (Centro de Investigaciones Sociológicas (Madrid))
_v242
_932524
902 _aLIB Libro
942 _2CES
_cBK
_h3.3.
999 _c20823
_d20823